| 000 | 00544nam a2200169 a 4500 | ||
|---|---|---|---|
| 005 | 20210223121523.0 | ||
| 008 | 991125s1960 mx 000 0 spa u | ||
| 035 | _aUPN01000019254 | ||
| 049 | _aLT | ||
| 050 | 4 |
_aLB1601 M6.4 _bC3.4 1960 |
|
| 100 | 1 |
_aCarranza Cervantes, Francisco Javier, _dn. 1883 _931009 |
|
| 245 | 1 | 0 |
_aEnciclopedia escolar mexicana : _bcuarto año / _cpor Francisco Javier Carranza C. |
| 260 |
_aMéxico : _bAvante, _c1960. |
||
| 300 |
_a280 p. : _bil. |
||
| 650 | 4 |
_aEDUCACION PRIMARIA - _vDICCIONARIOS _98792 |
|
| 905 | _aLibro | ||
| 999 |
_c19254 _d19254 |
||